Guess the Fusion Rock Song Lyrics #258 - Statistics

General Stats
  • This quiz has been taken 9 times
  • The average score is 168 of 207
Answer Stats
Answer % Correct
a
100%
A
100%
And
100%
and
100%
do
100%
go
100%
I
100%
in
100%
know
100%
love
100%
me
100%
on
100%
the
100%
this
100%
to
100%
way
100%
You
100%
you
100%
again
86%
away
86%
by
86%
gone
86%
how
86%
If
86%
I'll
86%
is
86%
it's
86%
never
86%
no
86%
one
86%
should
86%
So
86%
been
71%
ever
71%
for
71%
found
71%
good
71%
had
71%
head
71%
keep
71%
my
71%
won't
71%
back
57%
come
57%
Hold
57%
hold
57%
holding
57%
I've
57%
Just
57%
made
57%
Something
57%
took
57%
will
57%
before
43%
Dionne Warwick
43%
else
43%
here
43%
looked
43%
sorrow
43%
turn
43%
fool
29%
lose
29%
Reaching
29%
remember
29%
tomorrow
29%
true
29%
yesterday
29%
inside
14%
memories
14%
Since
14%
stand
14%
each
0%
fantasies
0%
kept
0%
No matching quizzes found
Score Distribution
Percent of People with Each Score
Percentile by Number Answered
Your Score History
You have not taken this quiz